00424pab a2200133 454500008004000000100001800040245012000058260000900178300001500187362000800202650002800210650002000238773003200258180718b2012 xxu||||| |||| 00| 0 eng d aMunib, Nashia aIs micro health insurance really effective? A study analyzing the impact of micro health insurance schemes in India c2012 ap.135-161. aJul aSocial security - India aSocial security aIndian Journal of Economics